{"text_format":"3","workbook":"xlsx","n_sheets":1,"sheets":["Sheet1"],"read":"whole","date_system":"1900"}

{"sheet":"Sheet1","index":0,"n_rows":76,"n_cols":9,"rows_kept":76,"merged":[[0,0,0,8],[75,0,75,6]]}
["重庆市建筑科学研究院有限公司江南分中心实验室搬迁项目（实验区）材料采购工程（电线电缆）材料采购清单                          \n"]
["序号","材料名称","规格型号","计量单位","暂定采购量","税率","材料单价限价\n（含税）","总计（含税）","备注"]
[1,"WDZC-BYJ-2.5mm2",null,"m",{"v":11534.0521,"d":"11534.05"},{"v":0.13,"d":"13%"},{"v":2.1018,"d":"2.10"},{"$f":"E3*G3","v":{"v":24242.27070378,"d":"24242.27"}}]
[2,"WDZC-BYJ-4mm2",null,"m",{"$f":"1888.5395","v":{"v":1888.5395,"d":"1888.54"}},{"v":0.13,"d":"13%"},{"v":3.2883,"d":"3.29"},{"v":6210.08443785,"d":"6210.08"}]
[3,"WDZC-BYJ-6mm2",null,"m",{"$f":"16578.139+2944.2945","v":{"v":19522.4335,"d":"19522.43"}},{"v":0.13,"d":"13%"},{"v":4.8364,"d":"4.84"},{"v":94418.2973794,"d":"94418.30"}]
[4,"WDZC-BYJ-10mm2",null,"m",{"$f":"597.345+484.869","v":{"v":1082.214,"d":"1082.21"}},{"v":0.13,"d":"13%"},{"v":8.2716,"d":"8.27"},{"v":8951.6413224,"d":"8951.64"}]
[5,"WDZC-BYJ-16",null,"m",1.05,{"v":0.13,"d":"13%"},{"v":12.9611,"d":"12.96"},{"v":13.609155,"d":"13.61"}]
[6,"WDZC-BYJ-25mm2",null,"m",{"$f":"35.553+301.917","v":337.47},{"v":0.13,"d":"13%"},{"v":20.114,"d":"20.11"},{"v":6787.87158,"d":"6787.87"}]
[7,"WDZCN-BYJ-2.5",null,"m",{"$f":"2952.104-868.5075-190.071","v":{"v":1893.5255,"d":"1893.53"}},{"v":0.13,"d":"13%"},{"v":2.3956,"d":"2.40"},{"v":4536.1296878,"d":"4536.13"}]
[8,"WDZC-BYJ-1.5mm2",null,"m",{"v":1214.199,"d":"1214.20"},{"v":0.13,"d":"13%"},{"v":1.4577,"d":"1.46"},{"v":1769.9378823,"d":"1769.94"}]
[9,"ZRBV-3*1.5",null,"m",{"v":522,"d":"522.00"},{"v":0.13,"d":"13%"},{"v":1.2091,"d":"1.21"},{"v":631.1502,"d":"631.15"}]
[10,"ZRBV-3*2.5",null,"m",{"v":52.2,"d":"52.20"},{"v":0.13,"d":"13%"},{"v":2.0227,"d":"2.02"},{"v":105.58494,"d":"105.58"}]
[11,"硬铜绞线","TJ-2.5~4mm2","m",{"v":1125.887,"d":"1125.89"},{"v":0.13,"d":"13%"},{"v":2.147,"d":"2.15"},{"v":2417.279389,"d":"2417.28"}]
[12,"铜芯橡皮花线","BXH2×23/0.15mm2(0.4mm2)","m",{"v":658.137,"d":"658.14"},{"v":0.13,"d":"13%"},{"v":2.5764,"d":"2.58"},{"v":1695.6241668,"d":"1695.62"}]
[13,"BVR-4mm2",null,"m",{"v":2894.3156,"d":"2894.32"},{"v":0.13,"d":"13%"},{"v":3.0623,"d":"3.06"},{"v":8863.26266188,"d":"8863.26"}]
[14,"BVR-6mm2",null,"m",{"$f":"211.1375+48.96","v":{"v":260.0975,"d":"260.10"}},{"v":0.13,"d":"13%"},{"v":4.2036,"d":"4.20"},{"v":1093.345851,"d":"1093.35"}]
[15,"BV-2.5mm2",null,"m",{"v":1356.853,"d":"1356.85"},{"v":0.13,"d":"13%"},{"v":1.808,"d":"1.81"},{"v":2453.190224,"d":"2453.19"}]
[16,"BV-4mm2",null,"m",49.53,{"v":0.13,"d":"13%"},{"v":2.9041,"d":"2.90"},{"v":143.840073,"d":"143.84"}]
[17,"BV-6mm2",null,"m",199.92,{"v":0.13,"d":"13%"},{"v":4.1019,"d":"4.10"},{"v":820.051848,"d":"820.05"}]
[18,"BV-16mm2",null,"m",14.14,{"v":0.13,"d":"13%"},{"v":11.4243,"d":"11.42"},{"v":161.539602,"d":"161.54"}]
[19,"BVR-6mm2",null,"m",{"$f":"147.81+63.33+48.96","v":{"v":260.1,"d":"260.10"}},{"v":0.13,"d":"13%"},{"v":4.2036,"d":"4.20"},{"v":1093.35636,"d":"1093.36"}]
[20,"SC20",null,"m",{"$f":"515.824-90.99","v":{"v":424.834,"d":"424.83"}},{"v":0.13,"d":"13%"},{"v":8.9157,"d":"8.92"},{"v":3787.6924938,"d":"3787.69"}]
[21,"SC32",null,"m",{"v":32.877,"d":"32.88"},{"v":0.13,"d":"13%"},{"v":17.8766,"d":"17.88"},{"v":587.7289782,"d":"587.73"}]
[22,"SC40",null,"m",{"v":51.788,"d":"51.79"},{"v":0.13,"d":"13%"},{"v":20.3965,"d":"20.40"},{"v":1056.293942,"d":"1056.29"}]
[23,"SC50",null,"m",{"v":602.7766,"d":"602.78"},{"v":0.13,"d":"13%"},{"v":27.8771,"d":"27.88"},{"v":16803.66355586,"d":"16803.66"}]
[24,"SC65",null,"m",{"v":20.6,"d":"20.60"},{"v":0.13,"d":"13%"},{"v":37.4708,"d":"37.47"},{"v":771.89848,"d":"771.90"}]
[25,"SC80",null,"m",{"v":191.796,"d":"191.80"},{"v":0.13,"d":"13%"},{"v":44.1152,"d":"44.12"},{"v":8461.1188992,"d":"8461.12"}]
[26,"SC100",null,"m",{"v":126.7,"d":"126.70"},{"v":0.13,"d":"13%"},{"v":57.3362,"d":"57.34"},{"v":7264.49654,"d":"7264.50"}]
[27,"SC125",null,"m",{"v":206,"d":"206.00"},{"v":0.13,"d":"13%"},{"v":80.7046,"d":"80.70"},{"v":16625.1476,"d":"16625.15"}]
[28,"JDG20",null,"m",{"v":5412.6706,"d":"5412.67"},{"v":0.13,"d":"13%"},{"v":2.9719,"d":"2.97"},{"v":16085.91575614,"d":"16085.92"}]
[29,"JDG25",null,"m",{"v":4093.0964,"d":"4093.10"},{"v":0.13,"d":"13%"},{"v":3.7968,"d":"3.80"},{"v":15540.66841152,"d":"15540.67"}]
[30,"JDG32",null,"m",{"v":478.3938,"d":"478.39"},{"v":0.13,"d":"13%"},{"v":5.0624,"d":"5.06"},{"v":2421.82077312,"d":"2421.82"}]
[31,"JDG40",null,"m",{"v":92.432,"d":"92.43"},{"v":0.13,"d":"13%"},{"v":6.4297,"d":"6.43"},{"v":594.3100304,"d":"594.31"}]
[32,"JDG50",null,"m",{"v":92.782,"d":"92.78"},{"v":0.13,"d":"13%"},{"v":8.2942,"d":"8.29"},{"v":769.5524644,"d":"769.55"}]
[33,"PC20",null,"m",{"$f":"197.34-22.44","v":{"v":174.9,"d":"174.90"}},{"v":0.13,"d":"13%"},{"v":1.921,"d":"1.92"},{"v":335.9829,"d":"335.98"}]
[34,"非屏蔽六类类双绞线 Cat6",null,"m",{"v":9398.466,"d":"9398.47"},{"v":0.13,"d":"13%"},{"v":2.5312,"d":"2.53"},{"v":23789.3971392,"d":"23789.40"}]
[35,"非屏蔽六类类双绞线 Cat6",null,"m",{"v":1540.308,"d":"1540.31"},{"v":0.13,"d":"13%"},{"v":2.5312,"d":"2.53"},{"v":3898.8276096,"d":"3898.83"}]
[36,"ZR-RVV-2*1.0mm2",null,"m",{"v":199.584,"d":"199.58"},{"v":0.13,"d":"13%"},{"v":2.3504,"d":"2.35"},{"v":469.1022336,"d":"469.10"}]
[37,"ZR-RVV-6*1.0mm2",null,"m",{"v":213.192,"d":"213.19"},{"v":0.13,"d":"13%"},{"v":6.5992,"d":"6.60"},{"v":1406.8966464,"d":"1406.90"}]
[38,"RVV-2*1.0mm2",null,"m",{"v":197.121,"d":"197.12"},{"v":0.13,"d":"13%"},{"v":2.3504,"d":"2.35"},{"v":463.3131984,"d":"463.31"}]
[39,"RVV-2*1.5mm2",null,"m",{"v":287.301,"d":"287.30"},{"v":0.13,"d":"13%"},{"v":3.3787,"d":"3.38"},{"v":970.7038887,"d":"970.70"}]
[40,"RVS-2*1.5mm2",null,"m",31.19,{"v":0.13,"d":"13%"},{"v":2.3956,"d":"2.40"},{"v":74.718764,"d":"74.72"}]
[41,"WDZC-RYJY-2*1.0mm2",null,"m",{"v":6370.887,"d":"6370.89"},{"v":0.13,"d":"13%"},{"v":2.8702,"d":"2.87"},{"v":18285.7198674,"d":"18285.72"}]
[42,"WDZC-YJY-3*25+2*16mm2",null,"m",40.43,{"v":0.13,"d":"13%"},{"v":77.066,"d":"77.07"},{"v":3115.77838,"d":"3115.78"}]
[43,"WDZB-YJY-3*50+2*25mm2",null,"m",{"$f":"151.5+20.2","v":{"v":171.7,"d":"171.70"}},{"v":0.13,"d":"13%"},{"v":133.1479,"d":"133.15"},{"v":22861.49443,"d":"22861.49"}]
[44,"WDZC-YJY-4*25+1*16mm2",null,"m",36.38,{"v":0.13,"d":"13%"},83.62,{"v":3042.0956,"d":"3042.10"}]
[45,"WDZB-YJY-4*25+1*16mm2",null,"m",{"v":16.523,"d":"16.52"},{"v":0.13,"d":"13%"},83.62,{"v":1381.65326,"d":"1381.65"}]
[46,"WDZB-YJY-4*35+1*16mm2",null,"m",{"v":303,"d":"303.00"},{"v":0.13,"d":"13%"},{"v":108.819,"d":"108.82"},{"v":32972.157,"d":"32972.16"}]
[47,"WDZC-YJY-4*35+1*16mm2",null,"m",518.73,{"v":0.13,"d":"13%"},{"v":108.819,"d":"108.82"},{"v":56447.67987,"d":"56447.68"}]
[48,"WDZB-YJY-4*50+1*25mm2",null,"m",{"$f":"229.53+101-23.66","v":306.87},{"v":0.13,"d":"13%"},{"v":147.6232,"d":"147.62"},{"v":45301.131384,"d":"45301.13"}]
[49,"WDZB-YJY-4*70+1*35mm2",null,"m",{"v":39.511,"d":"39.51"},{"v":0.13,"d":"13%"},211.31,{"v":8349.06941,"d":"8349.07"}]
[50,"WDZB-YJY-4*95+1*50mm2",null,"m",{"v":65.508,"d":"65.51"},{"v":0.13,"d":"13%"},{"v":289.506,"d":"289.51"},{"v":18964.959048,"d":"18964.96"}]
[51,"WDZB-YJY-4*150+1*70mm2",null,"m",{"$f":"101+60.6+224.73","v":386.33},{"v":0.13,"d":"13%"},{"v":439.796,"d":"439.80"},{"v":169906.38868,"d":"169906.39"}]
[52,"WDZB-YJY-4*185+1*95mm2",null,"m",{"v":282.8,"d":"282.80"},{"v":0.13,"d":"13%"},555.96,{"v":157225.488,"d":"157225.49"}]
[53,"WDZB-YJY-4*240+1*120mm2",null,"m",{"v":1403.9,"d":"1403.90"},{"v":0.13,"d":"13%"},{"v":726.2736,"d":"726.27"},{"v":1019615.50704,"d":"1019615.51"}]
[54,"WDZB-YJY-5*4mm2",null,"m",715.14,{"v":0.13,"d":"13%"},{"v":18.193,"d":"18.19"},{"v":13010.54202,"d":"13010.54"}]
[55,"WDZB-YJY-5*6mm2",null,"m",{"v":1110.8384,"d":"1110.84"},{"v":0.13,"d":"13%"},{"v":26.3855,"d":"26.39"},{"v":29310.0266032,"d":"29310.03"}]
[56,"WDZB-YJY-5*10mm2",null,"m",450.49,{"v":0.13,"d":"13%"},{"v":44.1152,"d":"44.12"},{"v":19873.456448,"d":"19873.46"}]
[57,"WDZB-YJY-5*16mm2",null,"m",{"v":728.038,"d":"728.04"},{"v":0.13,"d":"13%"},{"v":68.5684,"d":"68.57"},{"v":49920.4007992,"d":"49920.40"}]
[58,"24芯单模光缆",null,"m",291.72,{"v":0.13,"d":"13%"},{"v":4.7234,"d":"4.72"},{"v":1377.910248,"d":"1377.91"}]
[59,"六类非屏蔽跳线",null,"条",{"v":183,"d":"183.00"},{"v":0.13,"d":"13%"},{"v":3.051,"d":"3.05"},{"v":558.333,"d":"558.33"}]
[60,"RJ45-RJ11跳线",null,"条",{"v":15,"d":"15.00"},{"v":0.13,"d":"13%"},13.56,{"v":203.4,"d":"203.40"}]
[61,"RJ11转RJ45跳线",null,"条",{"v":15,"d":"15.00"},{"v":0.13,"d":"13%"},{"v":41.584,"d":"41.58"},623.76]
[62,"电缆终端头WDZB-YJY-3*25+2*16",null,"套",{"v":2,"d":"2.00"},{"v":0.13,"d":"13%"},{"v":34.9961,"d":"35.00"},{"v":69.9922,"d":"69.99"}]
[63,"电缆终端头WDZB-YJY-4*25+1*16",null,"套",{"v":4,"d":"4.00"},{"v":0.13,"d":"13%"},{"v":34.9961,"d":"35.00"},{"v":139.9844,"d":"139.98"}]
[64,"电缆终端头WDZB-YJY-4*35+1*16",null,"套",{"v":20,"d":"20.00"},{"v":0.13,"d":"13%"},{"v":34.9961,"d":"35.00"},{"v":699.922,"d":"699.92"}]
[65,"电缆终端头WDZB-YJY-4*50+1*25",null,"套",{"v":14,"d":"14.00"},{"v":0.13,"d":"13%"},{"v":34.9961,"d":"35.00"},{"$f":"E67*G67","v":{"v":489.9454,"d":"489.95"}}]
[66,"电缆终端头WDZB-YJY-4*70+1*35",null,"套",{"v":4,"d":"4.00"},{"v":0.13,"d":"13%"},{"v":46.9967,"d":"47.00"},{"v":187.9868,"d":"187.99"}]
[67,"电缆终端头WDZB-YJY-4*95+1*50",null,"套",{"v":4,"d":"4.00"},{"v":0.13,"d":"13%"},{"v":46.9967,"d":"47.00"},{"v":187.9868,"d":"187.99"}]
[68,"电缆终端头WDZB-YJY-4*150+1*70",null,"套",{"v":6,"d":"6.00"},{"v":0.13,"d":"13%"},{"v":60.003,"d":"60.00"},{"v":360.018,"d":"360.02"}]
[69,"电缆终端头WDZB-YJY-5*4",null,"套",{"v":40,"d":"40.00"},{"v":0.13,"d":"13%"},{"v":34.9961,"d":"35.00"},{"v":1399.844,"d":"1399.84"}]
[70,"电缆终端头WDZB-YJY-5*6",null,"套",{"v":54,"d":"54.00"},{"v":0.13,"d":"13%"},{"v":34.9961,"d":"35.00"},{"v":1889.7894,"d":"1889.79"}]
[71,"电缆终端头WDZB-YJY-5*10",null,"套",{"v":14,"d":"14.00"},{"v":0.13,"d":"13%"},{"v":34.9961,"d":"35.00"},{"v":489.9454,"d":"489.95"}]
[72,"电缆终端头WDZB-YJY-4*240+1*120",null,"套",{"v":6,"d":"6.00"},{"v":0.13,"d":"13%"},{"v":60.003,"d":"60.00"},{"v":360.018,"d":"360.02"}]
[73,"电缆终端头WDZB-YJY-5*16",null,"套",{"v":20,"d":"20.00"},{"v":0.13,"d":"13%"},{"v":34.9961,"d":"35.00"},{"v":699.922,"d":"699.92"}]
["总计",{"$nulls":6},{"$f":"SUM(H3:H75)","v":{"v":1967909.62325655,"d":"1967909.62"}}]